[Event "Titled Tue 1st Jul Late"]
[Site "chess.com INT"]
[Date "2025.07.01"]
[Round "2"]
[White "Gholami Orimi, Mahdi"]
[Black "Damaraju, Ashwin"]
[Result "1-0"]
[WhiteTitle "GM"]
[WhiteElo "2511"]
[BlackElo "2084"]
[WhiteFideId "12558486"]
[BlackFideId "39908348"]
[EventDate "2025.07.01"]

1. d4 Nf6 2. c4 g6 3. f3 c5 4. d5 d6 5. Nc3 Bg7 6. Ne4 Nxe4 7. fxe4 f5 8. exf5
Bxf5 9. Nf3 Nd7 10. g3 Be4 11. Bg2 Ne5 12. O-O O-O 13. Ng5 Bf5 14. Qb3 Qb6 15.
Bd2 Ng4 16. e3 Bxb2 17. Rae1 Qxb3 18. axb3 Bf6 19. Ne6 Bxe6 20. dxe6 Rab8 21.
Bd5 Ne5 22. e4 b5 23. cxb5 Rxb5 24. Kg2 Rfb8 25. Ra1 Rxb3 26. Bxb3 Rxb3 27. Rxa7
Rb2 28. Rxf6 exf6 29. Ra8+ Kg7 30. e7 Rxd2+ 31. Kh3 Nf3 32. e8=Q Ng5+ 33. Kg4
Rf2 34. Qf8# 1-0

[Event "Titled Tue 1st Jul Late"]
[Site "chess.com INT"]
[Date "2025.07.01"]
[Round "2"]
[White "Bukreev, Stanislav"]
[Black "Puzyrevsky, Semyon"]
[Result "1-0"]
[WhiteTitle "FM"]
[BlackTitle "FM"]
[WhiteElo "2305"]
[BlackElo "2292"]
[WhiteFideId "34252347"]
[BlackFideId "24240931"]
[EventDate "2025.07.01"]

1. d4 g6 2. c4 Bg7 3. Nf3 d6 4. Nc3 c6 5. e4 a6 6. a4 Bg4 7. Be2 Nd7 8. O-O e5
9. d5 Qc7 10. Be3 h6 11. b4 f5 12. exf5 gxf5 13. h3 Bxf3 14. Bxf3 Ngf6 15. dxc6
bxc6 16. b5 e4 17. Bh5+ Ke7 18. Bg6 axb5 19. axb5 Rxa1 20. Qxa1 Ne5 21. Bxf5
Nxc4 22. Bd4 Nd2 23. Nxe4 Ndxe4 24. Bxe4 c5 25. Re1 Kf7 26. Qa2+ c4 27. b6 Qd7
28. Bxf6 Bxf6 29. Qxc4+ Kg7 30. b7 Re8 31. Rd1 d5 32. Bxd5 Be5 33. Qg4+ Qxg4 34.
hxg4 Rd8 35. g3 Bb8 36. Kg2 Kf6 37. f4 Rd7 38. Bf3 Rxd1 39. Bxd1 Kg7 40. Kf3 Kf6
41. Ke4 Ke6 42. Bb3+ Ke7 43. Kf5 1-0

[Event "Titled Tue 1st Jul Late"]
[Site "chess.com INT"]
[Date "2025.07.01"]
[Round "2"]
[White "Stefansson, Vignir Vatnar"]
[Black "Bouska, Jiri"]
[Result "0-1"]
[WhiteTitle "GM"]
[BlackTitle "FM"]
[WhiteElo "2515"]
[BlackElo "2318"]
[WhiteFideId "2308649"]
[BlackFideId "23722223"]
[EventDate "2025.07.01"]

1. d4 d5 2. c4 e6 3. Nf3 Nf6 4. g3 Be7 5. Bg2 O-O 6. Nc3 c6 7. O-O Nbd7 8. Qd3
b6 9. e4 Ba6 10. b3 dxc4 11. bxc4 e5 12. Bb2 Nc5 13. Qc2 exd4 14. Nxd4 Qxd4 15.
Nd5 Qxc4 16. Nxe7+ Kh8 17. Qxc4 Bxc4 18. Rfc1 Be6 19. Bxf6 gxf6 20. Nxc6 a5 21.
Rab1 Bxa2 22. Rxb6 Nd3 23. Ra1 Be6 24. Rxa5 Rxa5 25. Nxa5 Ra8 26. Rb5 Kg7 27.
Bf1 Ne5 28. f4 Nf3+ 29. Kg2 Nd4 30. Rc5 Rb8 31. f5 Rb2+ 32. Kh3 Ba2 33. Rc3 h5
34. Bc4 Bxc4 35. Nxc4 Rf2 36. Nd6 Ne2 37. e5 Ng1+ 38. Kh4 Rxh2# 0-1

[Event "Titled Tue 1st Jul Late"]
[Site "chess.com INT"]
[Date "2025.07.01"]
[Round "2"]
[White "Akkara, Omer"]
[Black "Mayans Calvo, Mariano"]
[Result "0-1"]
[WhiteTitle "CM"]
[BlackTitle "CM"]
[WhiteElo "2036"]
[BlackElo "2101"]
[WhiteFideId "26319802"]
[BlackFideId "2251426"]
[EventDate "2025.07.01"]

1. e4 e6 2. b3 c5 3. Bb2 Nc6 4. Nf3 Nf6 5. e5 Nd5 6. Nc3 Nc7 7. Ne4 Rg8 8. Bd3
b6 9. Nd6+ Bxd6 10. exd6 Nd5 11. Bxh7 Rh8 12. Be4 Nf6 13. Bd3 Bb7 14. h3 Qb8 15.
Qe2 Qxd6 16. a3 O-O-O 17. O-O-O Nd4 18. Nxd4 cxd4 19. Ba6 e5 20. Bxb7+ Kxb7 21.
d3 Nd5 22. Kb1 f6 23. Qe4 Kb8 24. Rhf1 g5 25. Rc1 Rc8 26. Ka2 a5 27. Qf3 Ka7 28.
Rfe1 Rc6 29. Re2 Rhc8 30. g3 a4 31. b4 Nc3+ 32. Bxc3 Rxc3 33. Kb2 Rxa3 34. Rb1
Qxb4+ 35. Kc1 Qd6 36. Qe4 Rac3 37. Kd1 Qc6 38. Qf5 Rxc2 39. Qxd7+ Qxd7 40. Rxc2
Rxc2 41. Kxc2 Qxh3 42. Rb4 Qd7 43. Rc4 b5 44. Rc5 Kb6 0-1

[Event "Titled Tue 1st Jul Late"]
[Site "chess.com INT"]
[Date "2025.07.01"]
[Round "2"]
[White "Ghafourian, Amir Ali"]
[Black "Bacrot, Etienne"]
[Result "1/2-1/2"]
[WhiteTitle "CM"]
[BlackTitle "GM"]
[WhiteElo "2111"]
[BlackElo "2633"]
[WhiteFideId "12533831"]
[BlackFideId "605506"]
[EventDate "2025.07.01"]

1. f4 d5 2. Nf3 c5 3. b3 Nc6 4. e3 g6 5. Bb2 Nf6 6. Bb5 Bg7 7. O-O O-O 8. Bxc6
bxc6 9. d3 a5 10. a4 d4 11. e4 Ng4 12. Qe2 Ne3 13. Rf2 Qc7 14. g3 Bh3 15. Qe1
Rab8 16. Na3 Rfd8 17. Nc4 Nxc4 18. dxc4 Bg4 19. Qd2 Bh6 20. Ne5 Qxe5 21. fxe5
Bxd2 22. Rxd2 d3 23. Rxd3 Rxd3 24. cxd3 Rxb3 25. Ba3 Rxd3 26. Bxc5 Bf3 27. Bxe7
Rd2 28. Rb1 Kg7 29. Bf6+ Kh6 30. Rb7 Rg2+ 31. Kf1 Rxh2 32. Rxf7 Bxe4 33. e6 Bd3+
34. Kg1 Re2 35. e7 g5 36. Rf8 Kg6 37. Bxg5 Re1+ 38. Kg2 Re2+ 39. Kg1 Re1+ 40.
Kf2 Re2+ 41. Kg1 1/2-1/2

[Event "Titled Tue 1st Jul Late"]
[Site "chess.com INT"]
[Date "2025.07.01"]
[Round "2"]
[White "Smirnov, Alexandr A."]
[Black "Logvinov, Petro"]
[Result "1-0"]
[WhiteTitle "FM"]
[BlackTitle "FM"]
[WhiteElo "2136"]
[BlackElo "2190"]
[WhiteFideId "24104396"]
[BlackFideId "14176661"]
[EventDate "2025.07.01"]

1. e4 c5 2. Nf3 Nc6 3. Nc3 g6 4. d4 cxd4 5. Nxd4 Bg7 6. Nb3 Nf6 7. Be2 d6 8. O-O
O-O 9. Re1 a5 10. a4 Be6 11. Bg5 Rc8 12. Bb5 h6 13. Bh4 Ne5 14. Nd5 Nc4 15.
Nxf6+ exf6 16. Bxc4 Bxc4 17. Nd4 Re8 18. b3 Be6 19. c4 Qb6 20. Rb1 f5 21. Nb5 g5
22. exf5 Bxf5 23. Qxd6 Qd8 24. Bg3 Bxb1 25. Rxb1 Re6 26. Qxd8+ Rxd8 27. Bc7 Rd2
28. Bxa5 Rb2 29. Rxb2 Bxb2 30. Kf1 Be5 31. g3 Bb8 32. Bc3 f5 33. Nd4 Rb6 34. b4
f4 35. c5 Rg6 36. Ke2 fxg3 37. fxg3 h5 38. b5 h4 39. Kf3 hxg3 40. hxg3 Re6 41.
Nxe6 1-0

[Event "Titled Tue 1st Jul Late"]
[Site "chess.com INT"]
[Date "2025.07.01"]
[Round "2"]
[White "Radionov, Timur"]
[Black "Borges, Wagner da Silva"]
[Result "1-0"]
[WhiteTitle "FM"]
[BlackTitle "CM"]
[WhiteElo "2200"]
[BlackElo "2062"]
[WhiteFideId "34178772"]
[BlackFideId "2100401"]
[EventDate "2025.07.01"]

1. e4 c5 2. Nf3 Nc6 3. d4 cxd4 4. Nxd4 Nf6 5. Nc3 e5 6. Nf3 d6 7. Bc4 Be7 8. Bg5
O-O 9. Qe2 Bg4 10. Qe3 Rc8 11. Bb3 Bxf3 12. gxf3 Nd4 13. Rg1 Kh8 14. Rd1 b5 15.
Rxd4 exd4 16. Qxd4 Qb6 17. Qd3 a6 18. Rg3 Qc5 19. Be3 Qh5 20. Qd4 Qxh2 21. Nd5
Rce8 22. Nxe7 Rxe7 23. Bg5 Re6 24. Bxe6 fxe6 25. Qxd6 Re8 26. Bxf6 Qh1+ 27. Ke2
gxf6 28. Qd7 Rg8 29. Rxg8+ Kxg8 30. Qxe6+ Kg7 31. Qxa6 Qc1 32. Qb7+ Kg6 33. Qxb5
Qxc2+ 34. Ke3 Qc1+ 35. Kd4 Qd2+ 36. Kc5 Qxf2+ 37. Kd5 1-0

[Event "Titled Tue 1st Jul Late"]
[Site "chess.com INT"]
[Date "2025.07.01"]
[Round "2"]
[White "Goltsev, Dmitry"]
[Black "Burovic, Rijad"]
[Result "0-1"]
[WhiteTitle "FM"]
[BlackTitle "IM"]
[WhiteElo "2180"]
[BlackElo "2420"]
[WhiteFideId "24176710"]
[BlackFideId "14407701"]
[EventDate "2025.07.01"]

1. e4 g6 2. h4 Bg7 3. d4 d5 4. e5 c5 5. c3 Nc6 6. Be3 cxd4 7. cxd4 Nh6 8. Nc3
Nf5 9. Nf3 Nxe3 10. fxe3 Bg4 11. Qb3 e6 12. Qxb7 Na5 13. Qb5+ Kf8 14. Be2 Rb8
15. Qc5+ Kg8 16. b3 Rc8 17. Qb4 Bf8 18. Qa4 Rxc3 19. Kf2 Bh6 20. Qb4 Qc7 21.
Rhd1 Bxe3+ 22. Kg3 Bf5 23. Rh1 h5 24. Rhf1 Kg7 25. Rad1 Rb8 26. Qa3 Rc2 27. Bd3
Bxd3 28. Rxd3 Bh6 29. b4 Nc4 30. Qb3 Nb6 31. Ng5 Bxg5 32. hxg5 Rc8 33. Rdf3 Rc3
34. Qd1 Rxf3+ 35. Rxf3 Qe7 36. a3 Qxg5+ 37. Kh2 Rc1 38. Qe2 Qh4+ 39. Rh3 Qf4+
40. g3 Qxd4 41. Rh4 Qg1+ 42. Kh3 Qh1+ 43. Qh2 Qxh2+ 44. Kxh2 Nc4 45. Rd4 Nxe5
46. Rf4 Rc2+ 47. Kg1 g5 48. Rf1 g4 49. Rb1 Nf3+ 50. Kf1 h4 51. gxh4 g3 52. Rb3
g2# 0-1

[Event "Titled Tue 1st Jul Late"]
[Site "chess.com INT"]
[Date "2025.07.01"]
[Round "2"]
[White "Abraham, John Z"]
[Black "Papacek, Stepan"]
[Result "1-0"]
[BlackTitle "FM"]
[WhiteElo "2108"]
[BlackElo "2225"]
[WhiteFideId "30987318"]
[BlackFideId "301035"]
[EventDate "2025.07.01"]

1. d4 e6 2. c4 d5 3. Nc3 Nf6 4. Nf3 a6 5. cxd5 exd5 6. Qb3 Bd6 7. Bg5 c6 8. e4
dxe4 9. Bxf6 Qxf6 10. Nxe4 Qe7 11. O-O-O Bf4+ 12. Ned2 Be6 13. Qc3 O-O 14. Kb1
Nd7 15. Bd3 Nb6 16. g3 Bh6 17. Rhe1 Nd5 18. Qc2 g6 19. a3 b5 20. Qxc6 b4 21.
Qxd5 bxa3 22. Qc5 Qxc5 23. dxc5 Rfb8 24. b3 Bxb3 25. Nxb3 Rxb3+ 26. Ka2 Rb2+ 27.
Kxa3 Rab8 28. Bc4 Bf8 29. Re5 Rxf2 30. Ng5 Bg7 31. Re7 Bf8 32. Rxf7 Bxc5+ 33.
Ka4 Rb4+ 34. Ka5 Rxf7 35. Bxf7+ Kg7 36. Ne6+ Kxf7 37. Nxc5 Rb5+ 38. Kxa6 Rxc5
39. Rd7+ Kg8 40. Rd2 Rc2 41. Rxc2 1-0

[Event "Titled Tue 1st Jul Late"]
[Site "chess.com INT"]
[Date "2025.07.01"]
[Round "2"]
[White "Moroni, Luca Jr"]
[Black "Oksendal, Martin"]
[Result "1-0"]
[WhiteTitle "GM"]
[BlackTitle "FM"]
[WhiteElo "2549"]
[BlackElo "2235"]
[WhiteFideId "865834"]
[BlackFideId "1554107"]
[EventDate "2025.07.01"]

1. d4 Nf6 2. Bf4 g6 3. Nc3 Bg7 4. e4 O-O 5. Qd2 c5 6. d5 e6 7. e5 Nxd5 8. Nxd5
exd5 9. Qxd5 d6 10. O-O-O Qa5 11. Bd2 Qa4 12. Qb3 Qxb3 13. axb3 dxe5 14. Bc4 Nd7
15. Be3 Nb6 16. Bxc5 Re8 17. Bb5 Bg4 18. f3 Rec8 19. Bxb6 Bf5 20. Bd3 axb6 21.
Bxf5 Ra1+ 22. Kd2 Rxd1+ 23. Kxd1 gxf5 24. Nh3 Bh6 25. f4 Rd8+ 26. Ke2 exf4 27.
Rd1 Re8+ 28. Kf3 Rc8 29. c3 b5 30. b4 Rc4 31. Rd5 Re4 32. Rxf5 Re3+ 33. Kf2 Rd3
34. Rxb5 Rd2+ 35. Kf3 Rd3+ 36. Kg4 Rd2 37. Nxf4 Bxf4 38. Kxf4 Rxg2 39. h4 Rxb2
40. Rxb7 Rh2 41. Kg3 Rd2 42. Rc7 Rd3+ 43. Kg4 Kg7 44. b5 Kg6 45. h5+ Kh6 46.
Rc6+ Kg7 47. b6 Rd5 48. c4 Rd4+ 49. Kf5 h6 50. b7 Rd8 51. Rc8 1-0

[Event "Titled Tue 1st Jul Late"]
[Site "chess.com INT"]
[Date "2025.07.01"]
[Round "2"]
[White "Ahmad, Al Khatib"]
[Black "Uyanga, Byambaa"]
[Result "1-0"]
[WhiteTitle "GM"]
[BlackTitle "WFM"]
[WhiteElo "2172"]
[BlackElo "2006"]
[WhiteFideId "8103178"]
[BlackFideId "2054906"]
[EventDate "2025.07.01"]

1. d4 Nf6 2. Nc3 g6 3. e4 d6 4. Nf3 Bg7 5. h3 O-O 6. Be3 c5 7. dxc5 Qa5 8. Nd2
dxc5 9. e5 Nfd7 10. f4 Nc6 11. Bc4 e6 12. O-O a6 13. a4 Nd4 14. Nce4 Qc7 15. c3
Nf5 16. Bf2 b6 17. g4 Ne7 18. Nd6 Bb7 19. Nxb7 Qxb7 20. Qe2 Nd5 21. Bg3 Rab8 22.
Bxa6 Qa7 23. Bb5 Rfd8 24. Nc4 Nc7 25. Bh4 Nxb5 26. axb5 Qb7 27. Nd6 Qd5 28. Bxd8
Rxd8 29. Rad1 Qb3 30. Nb7 Rb8 31. Rxd7 c4 32. Rd8+ Rxd8 33. Nxd8 Qxb5 34. Rd1 g5
35. fxg5 Bxe5 36. Nc6 Bd6 37. Nd4 Bc5 38. b4 cxb3 39. Qxb5 e5 40. Qe8+ Kg7 41.
Rf1 f6 42. gxf6+ Kh6 43. Qxe5 Bxd4+ 44. cxd4 Kg6 45. Qh5# 1-0

[Event "Titled Tue 1st Jul Late"]
[Site "chess.com INT"]
[Date "2025.07.01"]
[Round "2"]
[White "Cieslak, Patryk"]
[Black "Slovineanu, Viacheslav"]
[Result "1-0"]
[WhiteTitle "FM"]
[BlackTitle "IM"]
[WhiteElo "2442"]
[BlackElo "2412"]
[WhiteFideId "21078882"]
[BlackFideId "13900510"]
[EventDate "2025.07.01"]

1. Nf3 Nf6 2. d4 d5 3. Bf4 e6 4. e3 c5 5. Nbd2 Bd6 6. Bd3 cxd4 7. Bxd6 dxe3 8.
Ba3 exd2+ 9. Qxd2 Nc6 10. O-O Bd7 11. Qg5 g6 12. Ne5 Ne4 13. Qh6 Nxe5 14. Bxe4
Qf6 15. Bd3 O-O-O 16. Qe3 Nxd3 17. cxd3 d4 18. Rac1+ Bc6 19. Qd2 Rd5 20. Rc4 e5
21. Rfc1 Kb8 22. Qb4 Rc8 23. f3 Rdd8 24. Rc5 g5 25. Qe1 Re8 26. Qg3 h5 27. h3 h4
28. Qg4 Qf4 29. Re1 f6 30. Qh5 b6 31. Rc2 Bd5 32. Rxc8+ Rxc8 33. Bd6+ Ka8 34.
Qh7 Qg3 35. Rf1 Rc2 36. Qh8+ Kb7 37. Qb8+ Ka6 38. Qc8+ Bb7 39. Qxc2 Qf4 40. Qa4# 1-0

[Event "Titled Tue 1st Jul Late"]
[Site "chess.com INT"]
[Date "2025.07.01"]
[Round "2"]
[White "Dambaev, Dashi"]
[Black "Siekanska, Zuzanna"]
[Result "1-0"]
[WhiteTitle "CM"]
[BlackTitle "WCM"]
[WhiteElo "2211"]
[BlackElo "1864"]
[WhiteFideId "55628494"]
[BlackFideId "21852537"]
[EventDate "2025.07.01"]

1. d4 d5 2. c4 e6 3. Nf3 Nf6 4. Nc3 Be7 5. Bf4 O-O 6. e3 c6 7. Be2 Nbd7 8. O-O
Nh5 9. Be5 Nxe5 10. dxe5 g6 11. Nd4 Ng7 12. f4 c5 13. Nf3 Nf5 14. Qc1 d4 15.
exd4 cxd4 16. Rd1 Qb6 17. Na4 Qc6 18. b3 Rd8 19. Bd3 Ne3 20. Re1 b6 21. Qd2 Bb7
22. Qe2 Bb4 23. Rec1 Rd7 24. a3 Be7 25. Nb2 Rad8 26. Nd1 Nf5 27. Nf2 Ne3 28. Be4
Qc7 29. Bxb7 Qxb7 30. b4 Nf5 31. Qd3 Bf8 32. Ne4 Bg7 33. c5 b5 34. c6 Qc7 35.
cxd7 Qxd7 36. Rc5 Bf8 37. Rxb5 Rc8 38. Nf6+ 1-0

[Event "Titled Tue 1st Jul Late"]
[Site "chess.com INT"]
[Date "2025.07.01"]
[Round "2"]
[White "Petersen, Marcel"]
[Black "Zierk, Steven"]
[Result "0-1"]
[WhiteTitle "CM"]
[BlackTitle "GM"]
[WhiteElo "2236"]
[BlackElo "2489"]
[WhiteFideId "12935670"]
[BlackFideId "2034255"]
[EventDate "2025.07.01"]

1. e4 c5 2. Nf3 d6 3. Bb5+ Bd7 4. Bxd7+ Qxd7 5. O-O Nc6 6. c3 Nf6 7. Re1 g6 8.
d4 cxd4 9. cxd4 Bg7 10. Nc3 O-O 11. h3 Rac8 12. Bg5 Rfd8 13. e5 dxe5 14. dxe5
Nd5 15. Nxd5 Qxd5 16. Qxd5 Rxd5 17. e6 Bxb2 18. exf7+ Kxf7 19. Rab1 Bc3 20. Rec1
Na5 21. Bd2 Bxd2 22. Rxc8 Bf4 23. g3 Bd6 24. Rc2 b6 25. Kg2 Kf6 26. h4 Nb7 27.
Ng5 Kg7 28. Ne4 Nc5 29. Nxd6 Rxd6 30. Re1 Kf6 31. Re3 e5 32. Rf3+ Ke7 33. Re2
Rd5 34. g4 Ke6 35. g5 Rd4 36. Rf6+ Kd5 37. Kh3 Nd3 38. Rc2 Nf4+ 39. Kh2 Ke4 40.
Rf7 Rd3 41. Rxh7 a5 42. Rb2 a4 43. Rxb6 Rd2 44. Rb4+ Kf3 45. Rxa4 Rxf2+ 46. Kh1
e4 47. Rf7 Re2 48. h5 Kg3 49. Ra3+ e3 50. Rxf4 Re1+ 51. Rf1 Rxf1# 0-1

[Event "Titled Tue 1st Jul Late"]
[Site "chess.com INT"]
[Date "2025.07.01"]
[Round "2"]
[White "Labussiere, Victor"]
[Black "Madaminov, Mukhiddin"]
[Result "0-1"]
[WhiteTitle "FM"]
[BlackTitle "GM"]
[WhiteElo "2312"]
[BlackElo "2536"]
[WhiteFideId "2183129"]
[BlackFideId "14210703"]
[EventDate "2025.07.01"]

1. c4 e5 2. Nf3 Nc6 3. Nc3 g6 4. e3 Bg7 5. d4 d6 6. Be2 Nf6 7. d5 Ne7 8. O-O O-O
9. Ne1 Nd7 10. Nd3 f5 11. e4 f4 12. Bg4 Nf6 13. Bxc8 Qxc8 14. f3 g5 15. c5 h5
16. Bd2 Ng6 17. Rc1 Qd7 18. Qb3 Rab8 19. Nb5 a6 20. Na3 g4 21. cxd6 cxd6 22. Be1
h4 23. Nc4 h3 24. gxh3 gxf3 25. Nf2 Nh4 26. Kh1 Qe7 27. Rg1 Rbc8 28. Bb4 Ne8 29.
Nd2 Nf6 30. Rxc8 Rxc8 31. Nxf3 Nxf3 32. Qxf3 Rc4 33. Bc3 b5 34. a3 Qa7 35. Ng4
Nxe4 36. Nh6+ Kf8 37. Be1 Bxh6 38. Qh5 Bg7 39. Qf3 Qf7 40. Qg4 Nf6 0-1

[Event "Titled Tue 1st Jul Late"]
[Site "chess.com INT"]
[Date "2025.07.01"]
[Round "2"]
[White "Tao, Sihan"]
[Black "Hariharan, Shambavi"]
[Result "1-0"]
[WhiteTitle "FM"]
[BlackTitle "WCM"]
[WhiteElo "2202"]
[BlackElo "1936"]
[WhiteFideId "30982677"]
[BlackFideId "488160"]
[EventDate "2025.07.01"]

1. a3 d5 2. Nf3 Nf6 3. e3 e6 4. b4 c5 5. bxc5 Bxc5 6. Bb2 Nc6 7. Be2 O-O 8. O-O
Re8 9. c4 dxc4 10. Bxc4 Be7 11. d4 b6 12. Bb5 Bb7 13. Qa4 Rc8 14. Rc1 Qd5 15.
Nc3 Qd6 16. Ne5 Red8 17. Bxc6 Bxc6 18. Qxa7 Ba8 19. Qa4 Bf8 20. Qb3 Nd7 21. Nb5
Qe7 22. Nxd7 Qxd7 23. a4 Bd5 24. Qd3 f5 25. f3 Bb7 26. Rxc8 Rxc8 27. Rc1 Rxc1+
28. Bxc1 Qd5 29. Ba3 Bxa3 30. Qxa3 Bc6 31. Qb4 h6 32. h3 g5 33. Qd6 Qc4 34. Nc7
Bd5 35. Nxd5 exd5 36. Qxb6 Qc1+ 37. Kh2 Qxe3 38. Qb8+ Kg7 39. Qe5+ Qxe5+ 40.
dxe5 d4 41. Kg1 Kf7 42. a5 Ke6 43. a6 Kxe5 44. a7 Kd6 45. a8=Q 1-0

[Event "Titled Tue 1st Jul Late"]
[Site "chess.com INT"]
[Date "2025.07.01"]
[Round "2"]
[White "Ambartsumova, Karina"]
[Black "Nepomniachtchi, Ian"]
[Result "1-0"]
[WhiteTitle "IM"]
[BlackTitle "GM"]
[WhiteElo "2403"]
[BlackElo "2757"]
[WhiteFideId "4166299"]
[BlackFideId "4168119"]
[EventDate "2025.07.01"]

1. Nf3 d5 2. e3 Nf6 3. c4 e6 4. Nc3 Be7 5. b3 O-O 6. Bb2 b6 7. Rc1 Bb7 8. cxd5
exd5 9. Ne2 c5 10. Ng3 d4 11. exd4 cxd4 12. Nxd4 Bc5 13. Ndf5 Re8+ 14. Ne3 Nbd7
15. Bc4 Bxg2 16. Rg1 Bh3 17. Nh5 g6 18. Nxf6+ Nxf6 19. Qf3 Bb4 20. Rd1 Bg4 21.
Rxg4 Be7 22. Rd4 Qc7 23. Kf1 Qxh2 24. Ng4 Qh5 25. Nxf6+ Bxf6 26. Qxh5 gxh5 27.
Kg2 Bxd4 28. Bxd4 Rad8 29. Bc3 Rd6 30. Rh1 Rg6+ 31. Kf3 Rg5 32. Rh4 h6 33. Rf4
Rf8 34. Bb4 Rd8 35. Rxf7 Rd4 36. Rf4+ Rxc4 37. bxc4 Rg1 38. d4 Rb1 39. Be7 Rd1
40. d5 Kg7 41. d6 Kg6 42. Ke3 Re1+ 43. Kd2 Re6 44. Rd4 1-0

[Event "Titled Tue 1st Jul Late"]
[Site "chess.com INT"]
[Date "2025.07.01"]
[Round "2"]
[White "Rozman, Levy"]
[Black "Ferrara, Enzo"]
[Result "1-0"]
[WhiteTitle "IM"]
[WhiteElo "2324"]
[BlackElo "2138"]
[WhiteFideId "2039877"]
[BlackFideId "137731"]
[EventDate "2025.07.01"]

1. d4 f5 2. Qd3 d5 3. g4 fxg4 4. h3 Nf6 5. hxg4 Bxg4 6. f3 Be6 7. Bh3 Qd7 8. e4
Nc6 9. e5 Ng8 10. c3 O-O-O 11. Be3 g6 12. Nd2 Bf5 13. Bxf5 gxf5 14. O-O-O e6 15.
Ne2 Qf7 16. Rdg1 Nge7 17. Bg5 Rg8 18. Nf4 Re8 19. Bf6 Ng6 20. Nh5 Be7 21. Qe3
Ref8 22. Bxe7 Ngxe7 23. Nf6 Rxg1+ 24. Qxg1 Rh8 25. Rh6 Ng6 26. Qg5 Nce7 27. Qh5
Qg7 28. Qh2 Ng8 29. Rxh7 Rxh7 30. Qxh7 Qxh7 31. Nxh7 Kd7 32. Ng5 Ke7 33. c4 c6
34. Nb3 b6 35. c5 Nh6 36. a4 Nf7 37. Nxf7 Kxf7 38. cxb6 axb6 39. a5 bxa5 40.
Nxa5 Ne7 41. Kc2 Kg6 42. Nb7 Kg5 43. Nc5 Kf4 44. Nxe6+ Kxf3 45. Kd3 Kg2 46. Ke3
Kg3 47. b4 Kg4 48. Kf2 Ng6 49. Nd8 Nh4 50. e6 f4 51. e7 Nf5 52. e8=Q Nxd4 53.
Qg6+ 1-0

[Event "Titled Tue 1st Jul Late"]
[Site "chess.com INT"]
[Date "2025.07.01"]
[Round "2"]
[White "Becking, Stephan"]
[Black "Dyachuk, Artem"]
[Result "1-0"]
[WhiteTitle "IM"]
[BlackTitle "FM"]
[WhiteElo "2410"]
[BlackElo "2374"]
[WhiteFideId "4632478"]
[BlackFideId "34107924"]
[EventDate "2025.07.01"]

1. d4 Nf6 2. Nf3 g6 3. c3 Bg7 4. Bg5 O-O 5. Nbd2 d5 6. e3 c5 7. Be2 Nc6 8. O-O
Qb6 9. Qb3 c4 10. Qxb6 axb6 11. a3 b5 12. Rfe1 h6 13. Bh4 g5 14. Bg3 Bf5 15. Ne5
Nxe5 16. Bxe5 Nd7 17. Bxg7 Kxg7 18. Bf3 Nb6 19. e4 dxe4 20. Bxe4 Bxe4 21. Nxe4
Nd5 22. g3 b6 23. Rad1 Rac8 24. Re2 Rc6 25. Rde1 e6 26. Nd2 Ra8 27. Nf1 Rd8 28.
Kg2 Ra8 29. Nd2 Kg6 30. Nf3 Rc7 31. Ne5+ Kg7 32. Ng4 h5 33. Ne3 Nf6 34. Nc2 Kg6
35. Re5 Ra5 36. Nb4 Ng4 37. R5e2 Nf6 38. h3 Rc8 39. Re5 Nd7 40. R5e3 Nf6 41.
R3e2 Raa8 42. Re5 Ra5 43. d5 Nd7 44. R5e3 Nc5 45. dxe6 fxe6 46. Rd1 Rf8 47. Rd6
Ra7 48. Rxb6 Raf7 49. Re2 Rf6 50. Kg1 Kh7 51. Rxb5 Nb3 52. Rxg5 Kh6 53. Rge5 Re8
54. Nd5 Rf3 55. Nf4 h4 56. Rxe6+ Rxe6 57. Rxe6+ Kg5 58. Kg2 Nd2 59. Re2 hxg3 60.
Rxd2 Rxf4 61. fxg3 Rf6 62. Rf2 Rb6 63. Re2 Kf5 64. Kf3 Kg5 65. g4 Kf6 66. Kf4
Kg6 67. g5 Re6 68. Rxe6+ Kh5 69. Rh6# 1-0

[Event "Titled Tue 1st Jul Late"]
[Site "chess.com INT"]
[Date "2025.07.01"]
[Round "2"]
[White "Karamsetty, Jeevan"]
[Black "Bernat, David"]
[Result "1-0"]
[WhiteTitle "FM"]
[WhiteElo "2244"]
[BlackElo "1917"]
[WhiteFideId "2025337"]
[BlackFideId "2099225"]
[EventDate "2025.07.01"]

1. e4 c5 2. Nc3 g6 3. g3 Bg7 4. Bg2 Nc6 5. d3 e5 6. Be3 d6 7. Qd2 Nd4 8. f4 exf4
9. Bxf4 Ne7 10. Nf3 O-O 11. O-O Nec6 12. Bh6 Nxf3+ 13. Rxf3 Nd4 14. Rf2 Be6 15.
Raf1 Qa5 16. Bxg7 Kxg7 17. b3 Rad8 18. a4 a6 19. Qe1 b5 20. axb5 axb5 21. e5 d5
22. h3 b4 23. Na4 c4 24. Qe3 Nxc2 25. Rxc2 cxb3 26. Rb2 d4 27. Qg5 Qxa4 28. Be4
Qa3 29. Rff2 Qa1+ 30. Kh2 Qe1 31. Qf6+ Kg8 32. Bg2 Qc3 33. h4 Qxd3 34. h5 Qe3
35. Rf4 d3 36. h6 Qxe5 37. Qxe5 f6 38. Qxe6+ Kh8 39. Rxf6 Rfe8 40. Qf7 Re7 41.
Qxe7 1-0

[Event "Titled Tue 1st Jul Late"]
[Site "chess.com INT"]
[Date "2025.07.01"]
[Round "2"]
[White "Faryma, Matviy"]
[Black "Rosenberg, Evan S"]
[Result "1-0"]
[WhiteElo "2230"]
[BlackElo "1989"]
[WhiteFideId "1961578"]
[BlackFideId "2019299"]
[EventDate "2025.07.01"]

1. e4 e5 2. Bc4 Nf6 3. d3 c6 4. Nf3 d5 5. Bb3 Bb4+ 6. c3 Bd6 7. Qe2 O-O 8. Bg5
Be6 9. Nbd2 Nbd7 10. h3 Qc7 11. O-O a5 12. a4 Rae8 13. Rfe1 Nc5 14. Bc2 dxe4 15.
dxe4 Be7 16. Nc4 Nfd7 17. Bxe7 Rxe7 18. Rad1 f6 19. Nd6 Nb6 20. Nh4 g6 21. Qe3
Ncxa4 22. b3 Nb2 23. Rb1 Qxd6 24. Qxb6 Nd3 25. Bxd3 Qxd3 26. Qxa5 g5 27. Qb4 Rg7
28. Red1 Qe2 29. Nf5 Bxf5 30. exf5 g4 31. Re1 Qc2 32. hxg4 h5 33. gxh5 Qxf5 34.
Qh4 Rg4 35. Qh3 Qg5 36. Ra1 Kh8 37. Ra4 Rxa4 38. bxa4 Rg8 39. Re3 Kh7 40. g3 Kh6
41. Rf3 Rd8 42. Kg2 Rd1 43. Qe6 1-0

[Event "Titled Tue 1st Jul Late"]
[Site "chess.com INT"]
[Date "2025.07.01"]
[Round "2"]
[White "Coe, William"]
[Black "Shymanskyi, Oleksandr"]
[Result "0-1"]
[BlackTitle "FM"]
[WhiteElo "2078"]
[BlackElo "2218"]
[WhiteFideId "30913624"]
[BlackFideId "14168880"]
[EventDate "2025.07.01"]

1. e4 c5 2. Nf3 e6 3. d4 cxd4 4. Nxd4 Nc6 5. c4 Nf6 6. Nc3 Bb4 7. Qd3 Bxc3+ 8.
bxc3 d6 9. Be2 h6 10. O-O O-O 11. a4 a6 12. Ba3 Ne5 13. Qd2 Qc7 14. Qa2 Nxe4 15.
Rac1 Nc5 16. f4 Nc6 17. Bf3 Bd7 18. Bxc5 dxc5 19. Nb3 Ne7 20. Qa3 Rac8 21. Rcd1
b6 22. a5 b5 23. cxb5 Bxb5 24. Rf2 Bc4 25. Nd2 Bd5 26. Ne4 Rfd8 27. Re1 Nf5 28.
Qa4 Nd6 29. Nd2 Bxf3 30. Nxf3 Nb5 31. Qa1 Rd3 32. Ne5 Rxc3 33. f5 exf5 34. Rxf5
Rf8 35. Ref1 f6 36. Ng6 Rd8 37. Re1 Qf7 38. Ne5 Qd5 39. Rh5 Qd4+ 40. Kh1 fxe5
41. Rhxe5 Rd3 42. Qb1 Rd1 0-1